000 01162nac a22002891i 4500
003 EG-ScBUE
005 20250227095649.0
008 250213s1999 nyua f 001 0 eng d
020 _a070602301
020 _a9780070602304
040 _aEG-ScBUE
_beng
_erda
_cEG-ScBUE
_dEG-ScBUE
082 0 4 _a515.9
_bSPI
_222
100 1 _aSpiegel, Murray R.,
_eauthor.
245 1 0 _aSchaum's outline of theory and problems of complex variables :
_bwith an introduction to conformal mapping and its applications /
_cby Murray R. Spiegel, Ph.D., Former Professor of Mathematics and Chairman, Mathematics Department, Rensselaer Polytechnic Institute, Hartford Graduate Center.
250 _aThirty second printing.
264 1 _aNew York :
_bMcGraw-Hill,
_c1999.
300 _a313 pages :
_billustrations ;
_c28 cm.
336 _2rdacontent
_atext
_btxt
337 _aunmediated
_2rdamedia
_bn
338 _avolume
_bnc
_2rdacarrier
490 0 _aSchaum's outline series
500 _aIncludes index.
650 7 _aFunctions of complex variables.
_2BUEsh
650 7 _aFunctions of several complex variables.
_2BUEsh
655 _vReading book
942 _cNB
_2ddc
999 _c4900
_d4900